| 000 | 00330nam a2200109Ia 4500 | ||
|---|---|---|---|
| 008 | 171211s9999 xx 000 0 und d | ||
| 245 | 4 | _aThe Urban Sketcher: Techniques for Seeing and Drawing on Location | |
| 245 | _cMarc Taro Holmes | ||
| 260 | _c2014 | ||
| 650 | _xDrawing | ||
| 856 | _uhttp://down.ebook777.com/978-1440334719.pdf | ||
| 999 |
_c348062 _d348062 |
||